Statistics for Name that Attack on Titan Character #1

Click here to take the quiz!

General Stats

  • This quiz has been taken 71 times
  • The average score is 15 of 16

Answer Stats

Answer% Correct
Armin Arlert
100%
Eren Jaeger
100%
Levi Ackerman
100%
Mikasa Ackerman
98%
Sasha Blouse
98%
Annie Leonhart
97%
Historia Reiss
95%
Reiner Braun
95%
Connie Springer
94%
Erwin Smith
94%
Hange Zoë
94%
Jean Kirstein
92%
Bertolt Hoover
89%
Gabi Braun
88%
Ymir
88%
Pieck Finger
81%

Score Distribution

Percentile by Number Answered

Percent of People with Each Score

Your Score History

You have not taken this quiz